| 000 | 00451nam a2200157 4500 | ||
|---|---|---|---|
| 001 | 110063 | ||
| 003 | ES-MaACL | ||
| 005 | 20230906184953.0 | ||
| 007 | t| | ||
| 008 | 061121s1966 sp r ||||1| spa d | ||
| 245 | 0 | 0 |
_aJosé María Imizcoz, oración y teólogos / _cJoaquín Goicoecheaundia. |
| 260 |
_aMadrid : _bZYX, _c1966. |
||
| 300 |
_a208 p. ; _c21 cm. |
||
| 700 | 1 |
_aGoicoecheaundia, Joaquín. _957615 |
|
| 852 |
_aES-MaACL _jC-30506 _bR.60975 |
||
| 999 |
_c110063 _d110063 |
||